000 01555nam a22004457a 4500
001 868511576
003 OCoLC
005 20210419073320.0
008 140115s2014 enk bd 000 0 eng
010 _a 2014001686
016 7 _a101623910
_2DNLM
020 _a9780199976720 (hbk. : alk. paper)
020 _a0199976724 (hbk. : alk. paper)
020 _a9780199976737 (pbk. : alk. paper)
020 _a0199976732 (pbk. : alk. paper)
035 _a(OCoLC)868511576
040 _aDNLM/DLC
_beng
_erda
_cDLC
_dNLM
_dYDXCP
_dPHA
042 _apcc
049 _aYYEB
080 _a616-036.2
_bD-53
096 _aWA 13 D553 2014
100 _9181
_aPorta, Miquel
245 0 2 _aA dictionary of epidemiology.
250 _a6th ed. /
_bedited for the International Epidemiological Association by Miquel Porta ; associate editors, Sander Greenland, Miguel Hernán, Isabel dos Santos Silva, John M. Last ; assistant editor, Andrea Burón.
260 _aOxford :
_bOxford University Press,
_c[2014]
300 _axxxii, 343 pages ;
_cill
365 _b37.75 usd
504 _aIncludes bibliographical references.
590 _ac.1 10068363 Ritt 9/2/14 $35.00.
650 2 _aEpidemiology
_vDictionary.
653 _aეპიდემიოლოგია
653 _aმედიცინა
700 1 _aPorta, Miquel S.
700 1 _aGreenland, Sander.
700 1 _aHernán, Miguel.
700 1 _aSilva, Isabel dos Santos.
700 1 _aLast, John M.
710 2 _aInternational Epidemiological Association.
942 _2udc
_cBK
999 _c300
_d300